| 000 | 01092nam0a22002771 4500 | ||
|---|---|---|---|
| 001 | rc\2116756 | ||
| 005 | 20260406135255.0 | ||
| 035 | _a(NLR Aleph) 006697668 | ||
| 090 |
_a5211174 _c5211174 |
||
| 100 | _a20110829d1979 |||y0rusy50 ca | ||
| 101 | 0 | _arus | |
| 102 | _aRU | ||
| 105 | _ay z ||||| | ||
| 200 | 1 |
_aАгротехнические и химические приемы борьбы с сорняками при возделывании кукурузы _e(Сб. статей) _fВАСХНИЛ, ВНИИ кукурузы _g[Редкол.: В.С. Циков (гл. ред.) и др.] |
|
| 210 |
_aДнепропетровск _cВНИИ кукурузы _d1979 |
||
| 215 |
_a69 с. _d21 |
||
| 606 |
_aКукуруза _xСорняки _yУССР _2psbo |
||
| 702 | 1 |
_aЦиков _bВ.С. _4340 |
|
| 712 | 0 | 2 |
_aВНИИ кукурузы _cДнепропетровск _3RU\NLR\AUTH\889918243 _9332606 |
| 801 | 0 |
_aRU _bNLR _gpsbo |
|
| 801 | 1 |
_aRU _bELAR _2rusmarc |
|
| 852 |
_aNLR _j80-6/3576 |
||
| 899 |
_aRuMoRGB _jБ 80-13/263 |
||
| 899 |
_aRuMoRGB _jБ 80-13/264 |
||
| 942 | _cBOOK | ||
| 980 | _aNB | ||